000 00596nam a2200169 a 4500
005 20140412111421.0
008 080105s19uu xx 00 eng d
020 _a0-439-68988-0
050 _aTR(PS E
_bUp1 2003
100 _aShapiro, Jody Fickes
245 _aUp, Up, Up! :
_bit's apple-picking time /
_cby Jody Fickes Shapiro.
260 _aNew York :
_bScholastic Inc,
_c2003.
300 _aunpaged
520 _aMyles and his family go to his grandparents' apple ranch, where they have a wonderful time picking and selling apples together.
650 _aApples
_xfiction
999 _c106019
_d106019